Online katalóg knižníc regiónu Turca

Gulliverove cesty (Record no. 21696)

MARC details
000 -LEADER
fixed length control field 01203cam a2200373 a 4500
001 - CONTROL NUMBER
control field 21696
003 - CONTROL NUMBER IDENTIFIER
control field VRT
005 - DATE AND TIME OF LATEST TRANSACTION
control field 20260309094155.0
008 - FIXED-LENGTH DATA ELEMENTS--GENERAL INFORMATION
fixed length control field 240606s1994 xo a ar 0000j slo
015 ## - NATIONAL BIBLIOGRAPHY NUMBER
National bibliography number SNBA1994/12
020 ## - INTERNATIONAL STANDARD BOOK NUMBER
International Standard Book Number 8085483475
035 ## - SYSTEM CONTROL NUMBER
System control number SNK000019804
039 #9 - LEVEL OF BIBLIOGRAPHIC CONTROL AND CODING DETAIL [OBSOLETE]
Level of rules in bibliographic description 202408080738
Level of effort used to assign nonsubject heading access points AUTHORITY
Level of effort used to assign subject headings 202406171056
Level of effort used to assign classification msnk24
Level of effort used to assign subject headings 202406170811
Level of effort used to assign classification msnk24
Level of effort used to assign subject headings 202406061420
Level of effort used to assign classification VLOAD
040 ## - CATALOGING SOURCE
Original cataloging agency SNK
Language of cataloging slo
Transcribing agency SNK
Description conventions AACR2
041 0# - LANGUAGE CODE
Language code of text/sound track or separate title slo
044 ## - COUNTRY OF PUBLISHING/PRODUCING ENTITY CODE
MARC country code xo
ISO country code SK
072 #7 - SUBJECT CATEGORY CODE
Subject category code 821-93
Subject category code subdivision Literatúra pre deti a mládež (beletria)
Source konspekt
080 ## - UNIVERSAL DECIMAL CLASSIFICATION NUMBER
Universal Decimal Classification number 860-3(087.5)
Edition identifier 1997
080 ## - UNIVERSAL DECIMAL CLASSIFICATION NUMBER
Universal Decimal Classification number 821-34
Edition identifier 2011
080 ## - UNIVERSAL DECIMAL CLASSIFICATION NUMBER
Universal Decimal Classification number 82-93-053.4/.5
Edition identifier 2011
080 ## - UNIVERSAL DECIMAL CLASSIFICATION NUMBER
Universal Decimal Classification number (0.025.2)
Edition identifier 2011
245 00 - TITLE STATEMENT
Title Gulliverove cesty
Statement of responsibility, etc. ilustrácie Constanza
260 ## - PUBLICATION, DISTRIBUTION, ETC.
Place of publication, distribution, etc. Skalica
Name of publisher, distributor, etc. Grafobal
Date of publication, distribution, etc. 1994
Place of manufacture Skalica
Manufacturer GRAFOBAL
300 ## - PHYSICAL DESCRIPTION
Extent 10 nečíslovaných strán
Other physical details ilustrácie
Dimensions 16 cm
655 #7 - INDEX TERM--GENRE/FORM
Genre/form data or focus term literatúra pre deti
Source of term SNKPH
655 #7 - INDEX TERM--GENRE/FORM
Genre/form data or focus term leporelá
Source of term SNKPH
655 #7 - INDEX TERM--GENRE/FORM
Genre/form data or focus term rozprávky
Source of term SNKPH
700 0# - ADDED ENTRY--PERSONAL NAME
Personal name Constanza
Relationship ill
942 ## - ADDED ENTRY ELEMENTS (KOHA)
Source of classification or shelving scheme Dewey Decimal Classification
Koha item type Krásna literatúra pre deti
Suppress in OPAC No
949 ## - LOCAL PROCESSING INFORMATION (OCLC)
6 17A1011902
a snkSC 87067
949 ## - LOCAL PROCESSING INFORMATION (OCLC)
6 17A0109670
9 P60, <05>, [BOOK], {605}
a snkSC 87067 D1
Holdings
Stav vyradenia Strata Poškodenie Spôsob nadobudnutia Domovská knižnica Aktuálna knižnica Dátum nadobudnutia Total checkouts Čiarový kód exemplára Date last seen Typ exemplára
      Dar Obecná knižnica Turčianska Štiavnička Obecná knižnica Turčianska Štiavnička 09.03.2026   4738000286 09.03.2026 Krásna literatúra pre deti
Projekt je podporený Slovenskou asociáciou knižníc
Prevádzkuje Turčianska knižnica Martin 2026